[Event "Pardubice Czech op-A 29th"]
[Site "Pardubice"]
[Date "2018.07.25"]
[Round "6"]
[White "Pauly, Carlo"]
[Black "Kozak, Adam"]
[Result "0-1"]
[WhiteElo "2312"]
[BlackElo "2446"]
[PlyCount "140"]
[EventDate "2018.07.20"]
[EventType "swiss"]
[EventRounds "9"]
[EventCountry "CZE"]
[SourceTitle "CBM 185 Extra"]
[Source "ChessBase"]
[SourceDate "2018.07.29"]
[SourceVersion "1"]
[SourceVersionDate "2018.07.29"]
[SourceQuality "1"]

1. c4 e6 2. Nf3 Nf6 3. Nc3 d5 4. cxd5 exd5 5. d4 Be7 6. Bf4 c6 7. e3 Bf5 8. Be2 Nbd7 9. Ne5 Nxe5 10. Bxe5 0-0 11. 0-0 Nd7 12. Bg3 Nb6 13. Re1 Bd6 14. Na4 Nxa4 15. Qxa4 a5 16. Qb3 Bxg3 17. hxg3 Qd6 18. a3 a4 19. Qb6 Rfb8 20. Rac1 h6 21. Rc5 Qd8 22. Qb4 Ra7 23. Bd1 Rba8 24. Qc3 Ra6 25. f3 Ra5 26. Be2 Qc7 27. Kf2 h5 28. Rh1 g6 29. g4 hxg4 30. e4 g3+ 31. Kf1 Be6 32. exd5 Bxd5 33. Rxa5 Qxa5 34. Qe3 Kg7 35. Qh6+ Kf6 36. Qh4+ Ke6 37. Qg4+ Ke7 38. Qxg3 Be6 39. Qf4 Rd8 40. Rh7 Qd5 41. Qh4+ g5 42. Qh6 Qf5 43. Qg7 Qf6 44. Kf2 Qxg7 45. Rxg7 Kf6 46. Rh7 Rxd4 47. Ke3 Rd8 48. Rh6+ Kg7 49. Rh1 Kf6 50. g3 Bd5 51. Rh6+ Kg7 52. Rh2 Kf6 53. Rh6+ Ke7 54. Rh5 Rg8 55. Kd4 Kd6 56. Rh6+ Be6 57. f4 gxf4 58. gxf4 Rg2 59. Ke3 Kc5 60. f5 Bd5 61. Rh4 b5 62. f6 Rg3+ 63. Kd2 Rg2 64. Ke3 Rg3+ 65. Kd2 Kd6 66. Rh2 Ke5 67. Rh6 Ke6 68. Bh5 Rg2+ 69. Kc3 Rf2 70. Bg4+ Ke5 0-1

[Event "Pardubice Czech op-A 29th"]
[Site "Pardubice"]
[Date "2018.07.23"]
[Round "4"]
[White "Pauly, Carlo"]
[Black "Biolek, Richard Jr"]
[Result "1/2-1/2"]
[WhiteElo "2312"]
[BlackElo "2469"]
[PlyCount "102"]
[EventDate "2018.07.20"]
[EventType "swiss"]
[EventRounds "9"]
[EventCountry "CZE"]
[SourceTitle "CBM 185 Extra"]
[Source "ChessBase"]
[SourceDate "2018.07.29"]
[SourceVersion "1"]
[SourceVersionDate "2018.07.29"]
[SourceQuality "1"]

1. d4 Nf6 2. c4 e6 3. Nc3 Bb4 4. Qc2 0-0 5. Nf3 d5 6. cxd5 exd5 7. Bf4 Ne4 8. e3 Nxc3 9. bxc3 Bd6 10. Bg3 h6 11. Bd3 b6 12. e4 dxe4 13. Bxe4 c6 14. 0-0 Bxg3 15. fxg3 Be6 16. Ne5 Bd5 17. Bh7+ Kh8 18. c4 Be6 19. Rad1 Qc7 20. Be4 Nd7 21. Nxc6 Nf6 22. Rxf6 gxf6 23. d5 Bg4 24. d6 Qd7 25. Rd2 f5 26. Ne5 Qe6 27. Bxa8 Qxe5 28. h3 Rxa8 29. hxg4 Qxg3 30. Rd3 Qe1+ 31. Kh2 Qe5+ 32. g3 fxg4 33. Qd2 Kg7 34. Rd5 Qf6 35. Rd4 h5 36. Rd5 Rd8 37. d7 Kf8 38. Qe3 h4 39. c5 bxc5 40. Qxc5+ Qe7 41. Qc1 Qf6 42. Qc5+ Qe7 43. Qc3 hxg3+ 44. Kxg3 f6 45. Qd3 Qe1+ 46. Kxg4 Qg1+ 47. Kf3 Qh1+ 48. Kf2 Qh2+ 49. Kf1 Qh1+ 50. Kf2 Qh2+ 51. Kf1 Qh1+ 1/2-1/2

[Event "Maastricht Limburg op 12th"]
[Site "Maastricht"]
[Date "2018.05.19"]
[Round "3"]
[White "Janssen, Ruud"]
[Black "Pauly, Carlo"]
[Result "1-0"]
[WhiteElo "2496"]
[BlackElo "2318"]
[PlyCount "79"]
[EventDate "2018.05.18"]
[EventType "swiss"]
[EventRounds "7"]
[EventCountry "NED"]
[SourceTitle "CBM 184 Extra"]
[Source "ChessBase"]
[SourceDate "2018.06.28"]
[SourceVersion "1"]
[SourceVersionDate "2018.06.28"]
[SourceQuality "1"]

1. d4 Nf6 2. c4 g6 3. Nc3 Bg7 4. e4 0-0 5. h3 c6 6. Bd3 d6 7. Nge2 a6 8. 0-0 b5 9. Be3 Nbd7 10. Qc2 e5 11. d5 bxc4 12. Bxc4 c5 13. Ng3 Ne8 14. a3 Nb6 15. Be2 f5 16. exf5 gxf5 17. f4 e4 18. Rad1 Ra7 19. Nh5 a5 20. g4 Qh4 21. Kg2 Nc4 22. Bf2 fxg4 23. hxg4 Bd4 24. Qxe4 Bxf2 25. Rxf2 Nxb2 26. Rh1 Qd8 27. Qc2 Rb7 28. Nb5 Nf6 29. Qxb2 Nxg4 30. Bxg4 Bxg4 31. a4 Bf5 32. Rg1 Bg6 33. Kf1 Qh4 34. Rh2 Qe7 35. Qe2 Qf7 36. Qe6 Kh8 37. Qxf7 Rbxf7 38. Nxd6 Rd7 39. Rxg6 Rxf4+ 40. Nxf4 1-0

[Event "Oberliga NRW 1718"]
[Site "Germany"]
[Date "2018.02.18"]
[Round "6.2"]
[White "Pauly, Carlo"]
[Black "Orzech, Dominik"]
[Result "1/2-1/2"]
[WhiteElo "2268"]
[BlackElo "2407"]
[PlyCount "97"]
[EventDate "2017.09.17"]
[EventType "team-tourn"]
[EventRounds "9"]
[EventCountry "GER"]
[SourceTitle "EXT 2019"]
[Source "ChessBase"]
[SourceDate "2018.10.10"]
[SourceVersion "1"]
[SourceVersionDate "2018.10.10"]
[SourceQuality "1"]
[WhiteTeam "Koeln Porz II"]
[BlackTeam "Gerresheim"]
[WhiteTeamCountry "GER"]
[BlackTeamCountry "GER"]

1. d4 d5 2. c4 c6 3. Nc3 Nf6 4. Nf3 dxc4 5. a4 Bf5 6. e3 e6 7. Bxc4 Bb4 8. 0-0 0-0 9. Qe2 Bg6 10. Ne5 Nbd7 11. Nxg6 hxg6 12. Rd1 Qa5 13. e4 Nb6 14. Bb3 c5 15. dxc5 Bxc5 16. e5 Nfd7 17. Nb5 Qb4 18. Rd3 Be7 19. Nc7 Nc5 20. Bd2 Qh4 21. Nxa8 Nxd3 22. Nxb6 Nc5 23. Qb5 axb6 24. Qxb6 Rd8 25. Be3 Nxb3 26. Qxb3 Qe4 27. Rc1 Rd3 28. Qc2 Kh7 29. h3 Rxe3 30. fxe3 Qxe3+ 31. Kf1 Qf4+ 32. Kg1 Qe3+ 33. Kh1 Qxe5 34. Qc3 Qf4 35. Qc4 Qg3 36. Qg4 Qe5 37. b4 f5 38. Qf3 Bd6 39. g3 Bxb4 40. Qxb7 Qxg3 41. Qg2 Qa3 42. Rg1 g5 43. Qe2 g6 44. Qc2 Bd6 45. Rg2 Qa1+ 46. Rg1 Qa3 47. Rg2 Qa1+ 48. Rg1 Qa3 49. Rg2 1/2-1/2

[Event "Prague Summer op 4th"]
[Site "Prague"]
[Date "2017.08.09"]
[Round "7"]
[White "Kraus, Tomas"]
[Black "Pauly, Carlo"]
[Result "1-0"]
[WhiteElo "2424"]
[BlackElo "2261"]
[PlyCount "113"]
[EventDate "2017.08.04"]
[EventType "swiss"]
[EventRounds "9"]
[EventCountry "CZE"]
[SourceTitle "CBM 179 Extra"]
[Source "ChessBase"]
[SourceDate "2017.08.23"]
[SourceVersion "1"]
[SourceVersionDate "2017.08.23"]
[SourceQuality "1"]

1. d4 Nf6 2. g3 g6 3. Bg2 Bg7 4. e4 d6 5. Ne2 0-0 6. Nbc3 c6 7. 0-0 Nbd7 8. a4 e5 9. h3 exd4 10. Nxd4 a5 11. Bf4 Ne5 12. b3 Re8 13. Qd2 Qb6 14. Rad1 Qa6 15. Rfe1 Be6 16. Be3 Rad8 17. f4 Ned7 18. f5 gxf5 19. exf5 Bd5 20. Nxd5 Nxd5 21. Bxd5 cxd5 22. Nb5 Ne5 23. Rf1 d4 24. Bxd4 Qc6 25. Qg2 d5 26. Qf2 Bf6 27. Rfe1 Rd7 28. Re3 Rde7 29. Rde1 Nd7 30. Rxe7 Rxe7 31. Rxe7 Bxe7 32. Qe2 Kf8 33. Qd2 Bf6 34. Bc3 Kg8 35. g4 Ne5 36. Nd4 Nf3+ 37. Nxf3 Bxc3 38. Qg5+ Kf8 39. Qd8+ Kg7 40. Qg5+ Kf8 41. Qd8+ Kg7 42. g5 Bb2 43. f6+ Kg6 44. Qg8+ Kf5 45. Qxh7+ Kf4 46. Kg2 Qe8 47. Qh4+ Kf5 48. Qg4+ Kg6 49. Nh4+ Kh7 50. Nf5 Ba3 51. Ne7 Bxe7 52. Qh5+ Kg8 53. Qe2 d4 54. fxe7 Qc6+ 55. Kg3 Qd6+ 56. Kh4 Qf4+ 57. Kh5 1-0

[Event "Prague Summer op 4th"]
[Site "Prague"]
[Date "2017.08.07"]
[Round "5"]
[White "Vichnar, David"]
[Black "Pauly, Carlo"]
[Result "1-0"]
[WhiteElo "2428"]
[BlackElo "2261"]
[PlyCount "65"]
[EventDate "2017.08.04"]
[EventType "swiss"]
[EventRounds "9"]
[EventCountry "CZE"]
[SourceTitle "CBM 179 Extra"]
[Source "ChessBase"]
[SourceDate "2017.08.23"]
[SourceVersion "1"]
[SourceVersionDate "2017.08.23"]
[SourceQuality "1"]

1. d4 Nf6 2. c4 g6 3. g3 Bg7 4. Bg2 0-0 5. Nf3 d6 6. Nc3 Nc6 7. 0-0 a6 8. Qd3 e5 9. d5 Ne7 10. e4 Ne8 11. b3 h6 12. Bb2 f5 13. exf5 gxf5 14. Nh4 c5 15. dxc6 bxc6 16. Rad1 Be6 17. Na4 e4 18. Qe2 Qa5 19. Bxg7 Kxg7 20. f3 d5 21. Qb2+ Rf6 22. Qd4 Kf7 23. Nc5 Qc7 24. fxe4 fxe4 25. Rxf6+ Nxf6 26. Rf1 Neg8 27. Nxe6 Kxe6 28. Bh3+ Kf7 29. cxd5 Qa7 30. Be6+ Ke8 31. Qxa7 Rxa7 32. d6 a5 33. Ng6 1-0